ប្រសិទ្ធភាពនៃ PARAMEC-10 លើវត្តមានបរាសិតខាងក្នុងក្រពះ ពោះវៀនរបស់សុខន នៅក្នុងស្រុកអង្គស្នួល ខេត្តកណ្តាល. (Record no. 2534)

000 -LEADER
fixed length control field 00640nam a22001577a 4500
003 - CONTROL NUMBER IDENTIFIER
control field OSt
005 - DATE AND TIME OF LATEST TRANSACTION
control field 20151022172840.0
008 - FIXED-LENGTH DATA ELEMENTS--GENERAL INFORMATION
fixed length control field 151022b xxu||||| |||| 00| 0 eng d
040 ## - CATALOGING SOURCE
Transcribing agency RUA
082 ## - DEWEY DECIMAL CLASSIFICATION NUMBER
Classification number AVM BOU 2011 B100 Or.1
100 ## - MAIN ENTRY--PERSONAL NAME
9 (RLIN) 2709
Personal name BOU, SOPHEAP.
245 ## - TITLE STATEMENT
Title ប្រសិទ្ធភាពនៃ PARAMEC-10 លើវត្តមានបរាសិតខាងក្នុងក្រពះ ពោះវៀនរបស់សុខន នៅក្នុងស្រុកអង្គស្នួល ខេត្តកណ្តាល.
260 ## - PUBLICATION, DISTRIBUTION, ETC. (IMPRINT)
Place of publication, distribution, etc. phnom phen
Name of publisher, distributor, etc. RUA
Date of publication, distribution, etc. 2011
300 ## - PHYSICAL DESCRIPTION
Extent X, 50p.
Other physical details ill.
Dimensions 29cm.
942 ## - ADDED ENTRY ELEMENTS (KOHA)
Source of classification or shelving scheme
Koha item type AVM
Holdings
Price effective from Date last seen Permanent Location Not for loan Date acquired Source of classification or shelving scheme Koha item type Lost status Withdrawn status Date last checked out Total Checkouts Shelving location Damaged status Barcode Current Location Full call number
2015-10-222015-10-22Library Block B 2015-10-22 AVM    B100 RUA009732Library Block BAVM BOU 2011 B100 Or.1
2015-10-222018-05-28Library Block B 2015-10-22 AVM  2018-05-221B100 RUA009830Library Block BAVM BOU 2011 B100 Or.2
2015-10-222015-10-22Library Block B 2015-10-22 AVM    B100 RUA009948Library Block BAVM BOU 2011 B100 Or.3
2015-10-222022-12-21Library Block B 2015-10-22 AVM  2022-12-165B100 RUA016664Library Block BAVM BOU 2011 B100 Or.4
2015-10-222015-10-22Library Block B 2015-10-22 AVM    B100 RUA007711Library Block BAVM BOU 2011 B100 Or.5
2015-10-222015-10-22Library Block B 2015-10-22 AVM    B100 RUA016736Library Block BAVM BOU 2011 B100 Or.6
2015-10-222015-10-22Library Block B 2015-10-22 AVM    B100 RUA018732Library Block BAVM BOU 2011 B100 Or.7
មជ្ឈមណ្ឌលឯការនៃសាកលវិទ្យាល័យភូមិន្ទកសិកម្មចំការដូង

Powered by Koha